000 00668nam a2200181Ia 4500
008 100921s9999 xx 000 0 und d
082 _b30446
_a891.463 थ 84
100 _aसाळगांवकर शशीकला.
245 _aमागणे न काही.
260 _bराजेंद्र प्रकाशन, पुणे.
_c1984
300 _a125
_bशांती पब्लिकेशन,पुणे
365 _b26
520 _aललित-कादंबरी.
630 _aमागणे न काही.
650 _aललित-कादंबरी.
730 _aमागणे न काही.
942 _cBOOK
999 _c779559
_d779556